Contabilidad gubernamental y control presupuestario. Para sector público y sector municipal

محفوظ في:
التفاصيل البيبلوغرافية
المؤلف الرئيسي: Torres Salazar, Gabriel (autor)
التنسيق: كتاب
اللغة:الإسبانية
منشور في: Santiago Lexis Nexis 2007
الموضوعات:
الوسوم: إضافة وسم
لا توجد وسوم, كن أول من يضع وسما على هذه التسجيلة!

MARC

LEADER 00000nam a2200000 a 4500
001 UCI1954
003 CL-VaPUC
008 070727e20070000CL |||||||||||||||||spa|d
020 |a 9789562386982 
082 0 4 |a 657.61  |b TOR  |2 21 
100 |a Torres Salazar, Gabriel  |e autor  |9 602032 
245 1 0 |a Contabilidad gubernamental y control presupuestario. Para sector público y sector municipal 
300 |a 497 p 
942 |c BK 
945 |d 20070727 00:00:00  |a rbrito 
260 |a Santiago  |b Lexis Nexis  |c 2007 
650 0 |a Contabilidad financiera  |9 307017 
650 7 |a CONTABILIDAD PUBLICA  |2 CL-VaPUC  |9 345799 
650 7 |a GESTION FINANCIERA  |2 CL-VaPUC  |9 522784 
650 0 |a Política económica   |9 255029 
650 7 |a CONTABILIDAD NACIONAL  |2 CL-VaPUC  |9 522785 
650 7 |a GASTOS NACIONALES  |2 CL-VaPUC  |9 379418 
650 0 |a Análisis económico  |9 259939 
650 0 |a Finanzas públicas   |9 358992 
650 7 |a PRESUPUESTO NACIONAL  |2 CL-VaPUC  |9 338436 
650 0 |a Estado  |9 255503 
650 0 |a Municipalidades   |9 255557 
583 |a last modification  |c 20070727 00:00:00  |k Rodrigo Vera 
999 |c 326640  |d 326638 
952 |0 0  |1 0  |4 0  |6 657_610000000000000_TOR_2007  |7 0  |8 A  |9 408667  |a BIBGIM  |b BIBGIM  |d 2019-11-22  |i 4359410  |o 657.61 TOR 2007  |p 4359410  |r 2025-01-15  |w 2019-11-22  |y BK  |k COM 
952 |0 0  |1 2  |4 0  |6 657_610000000000000_TOR_2007  |7 0  |8 A  |9 408668  |a BIBGIM  |b BIBGIM  |d 2019-11-22  |i 4359429  |o 657.61 TOR 2007  |p 4359429  |r 2019-11-22  |w 2019-11-22  |y BK  |k COM 
952 |0 0  |1 0  |4 0  |6 657_610000000000000_TOR_2007  |7 0  |8 A  |9 408669  |a BIBGIM  |b BIBGIM  |d 2019-11-22  |i 4359437  |l 1  |o 657.61 TOR 2007  |p 4359437  |r 2025-01-15  |s 2023-11-28  |w 2019-11-22  |y BK  |k COM